000 00345nam a2200145Ia 4500
008 150201s2004 xx 000 0 und d
082 _a618
_bO04D
100 _aDAWN, C.S.
245 _aTB. OF OBSTETRICS NEONATOLOGY
250 _a16TH
260 _bDAWN
_aCALCUTTA
_c2004
300 _a1-436
650 _aOBST & GYNAECOLOGY
942 _2ddc
_cBK
_01
999 _c240
_d240